Ethics for Africa today : (Record no. 36668)
[ view plain ]
| 000 -LEADER | |
|---|---|
| fixed length control field | 01547cam a2200313 a 4500 |
| 001 - CONTROL NUMBER | |
| control field | 15330612 |
| 005 - DATE AND TIME OF LATEST TRANSACTION | |
| control field | 20090217133023.0 |
| 008 - FIXED-LENGTH DATA ELEMENTS--GENERAL INFORMATION | |
| fixed length control field | 080616s2008 ke b 001 0 eng |
| 010 ## - LIBRARY OF CONGRESS CONTROL NUMBER | |
| LC control number | 2008349652 |
| 020 ## - INTERNATIONAL STANDARD BOOK NUMBER | |
| International Standard Book Number | 9966083200 |
| 040 ## - CATALOGING SOURCE | |
| Original cataloging agency | DLC |
| Transcribing agency | DLC |
| Modifying agency | DLC |
| 042 ## - AUTHENTICATION CODE | |
| Authentication code | lcode |
| 043 ## - GEOGRAPHIC AREA CODE | |
| Geographic area code | f------ |
| 050 00 - LIBRARY OF CONGRESS CALL NUMBER | |
| Classification number | HF5387.5.A35 |
| Item number | W36 2008 |
| 100 1# - MAIN ENTRY--PERSONAL NAME | |
| Personal name | Wanjiru Gichure, Christine. |
| 245 10 - TITLE STATEMENT | |
| Title | Ethics for Africa today : |
| Remainder of title | an introduction to business ethics / |
| Statement of responsibility, etc | Christine Wanjiru Gichure. |
| 260 ## - PUBLICATION, DISTRIBUTION, ETC. (IMPRINT) | |
| Place of publication, distribution, etc | Nairobi : |
| Name of publisher, distributor, etc | Paulines Publications Africa, |
| Date of publication, distribution, etc | c2008. |
| 300 ## - PHYSICAL DESCRIPTION | |
| Extent | 248 p. ; |
| Dimensions | 21 cm. |
| 490 0# - SERIES STATEMENT | |
| Series statement | Philosophy series |
| 504 ## - BIBLIOGRAPHY, ETC. NOTE | |
| Bibliography, etc | Includes bibliographical references (p. [239]-241) and index. |
| 650 #0 - SUBJECT ADDED ENTRY--TOPICAL TERM | |
| Topical term or geographic name as entry element | Business ethics |
| Geographic subdivision | Africa. |
| 856 41 - ELECTRONIC LOCATION AND ACCESS | |
| Materials specified | Table of contents only |
| Uniform Resource Identifier | <a href="http://www.loc.gov/catdir/toc/fy0805/2008349652.html">http://www.loc.gov/catdir/toc/fy0805/2008349652.html</a> |
| 906 ## - LOCAL DATA ELEMENT F, LDF (RLIN) | |
| a | 7 |
| b | cbc |
| c | origode |
| d | 3 |
| e | ncip |
| f | 20 |
| g | y-gencatlg |
| 942 ## - ADDED ENTRY ELEMENTS (KOHA) | |
| Source of classification or shelving scheme | Library of Congress Classification |
| Item type | Book |
| Withdrawn status | Lost status | Source of classification or shelving scheme | Damaged status | Not for loan | Collection code | Home library | Current library | Shelving location | Date acquired | Source of acquisition | Total Checkouts | Total Renewals | Full call number | Barcode | Date last borrowed | Copy number | Price effective from | Koha item type | Cost, normal purchase price | Date last seen |
|---|---|---|---|---|---|---|---|---|---|---|---|---|---|---|---|---|---|---|---|---|
| Library of Congress Classification | Non-fiction | Bishop Okullu Memorial Library (Limuru Campus) | Bishop Okullu Memorial Library (Limuru Campus) | General Circulation | 02/06/2010 | Purchase | 37 | 3 | HF5387.5.A35 W36 2008 | 019536 | 30/10/2019 | 3 | 02/06/2010 | Book | ||||||
| Library of Congress Classification | Non-fiction | Bishop Okullu Memorial Library (Limuru Campus) | Bishop Okullu Memorial Library (Limuru Campus) | General Circulation | 31/03/2022 | Donations Jewel | HF5387.5 .A35 W36 2008 | 068289 | 4 | 31/03/2022 | Book | 600.00 | ||||||||
| Library of Congress Classification | Non-fiction | Bishop Okullu Memorial Library (Limuru Campus) | Bishop Okullu Memorial Library (Limuru Campus) | General Circulation | 03/05/2024 | donation | 1 | HF5387.5.A35 W36 2008 | 071592 | 13/02/2026 | 5 | 03/05/2024 | Book | 700.00 | 10/03/2026 | |||||
| Library of Congress Classification | Non-fiction | Nairobi Campus | Nairobi Campus | General Circulation | 02/06/2010 | Purchase | 34 | 1 | HF5387.5.A35 W36 2008 | 019534 | 14/10/2021 | 1 | 02/06/2010 | Book | ||||||
| Library of Congress Classification | Non-fiction | Nairobi Campus | Nairobi Campus | ReserveNairobi | 03/02/2012 | 35 | 3 | HF5387.5.A35 W36 2008 | 019535 | 29/11/2021 | 03/02/2012 | Book |